| 000 -ლიდერი |
| ფიქსირებული სიგრძის საკონტროლო ველი |
01077nam a22002057a 4500 |
| 003 - საკონტროლო ნომრის იდენტიფიკატორი |
| საკონტროლო ველი |
Ge_BSU |
| 005 - ბოლო ოპერაციის თარიღი და დრო |
| საკონტროლო ველი |
20230209152609.0 |
| 008 - ფიქსირებული სიგრძის მონაცემთა ელემენტები - ზოგადი ინფორმაცია |
| ფიქსირებული სიგრძის საკონტროლო ველი |
230209s2001 ge ||||| |||| 00| 0 geo d |
| 041 ## - ენის კოდი |
| Language code of text/sound track or separate title |
geo |
| 080 ## - უნივერსალური ათობითი კლასიფიკაციის ინდექსი |
| Universal Decimal Classification number |
347.99(479.22)(042.4) + 342.565.2(479.22) ა-35 |
| 100 ## - მთავარი ჩანაწერი - პიროვნების სახელი |
| Personal name |
აქუბარდია, ირინა |
| Dates associated with a name |
|
| 9 (RLIN) |
9287 |
| 245 ## - ცნობა სათაურის შესახებ |
| Title |
საქართველოს სასამართლო სისტემა : |
| Remainder of title |
(ლექციები) / |
| Statement of responsibility, etc |
ირინა ქუბარდია; [რედ.: აპოლონ ფალიაშვილი]. |
| 264 ## - წარმოების, გამოცემის, დისტრიბუციის და სხვა ცნობები |
| გამოცემის, წარმოების, დისტრიბუციის... ადგილი |
თბ. : |
| გამოცემის, წარმოების, დისტრიბუციის... სახელწოდება |
მერიდიანი, |
| გამოცემის, წარმოების, დისტრიბუციის... თარიღი |
2001. |
| 300 ## - ფიზიკური აღწერა |
| Extent |
144გვ. ; |
| Other physical details |
20სმ. |
| 504 ## - BIBLIOGRAPHY, ETC. NOTE |
| Bibliography, etc |
ბიბლიოგრ.: გვ. 138-142. |
| 653 ## - INDEX TERM--UNCONTROLLED |
| Uncontrolled term |
საქართველოს სასამართლო სისტემა |
| 653 ## - INDEX TERM--UNCONTROLLED |
| Uncontrolled term |
საქართველოს საკონსტიტუციო სასამართლო |
| 700 ## - ADDED ENTRY--PERSONAL NAME |
| Personal name |
ფალიაშვილი, აპოლონ |
| Relator term |
რედაქტორი |
| 9 (RLIN) |
16874 |
| 942 ## - ADDED ENTRY ELEMENTS (KOHA) |
| Source of classification or shelving scheme |
|
| Koha item type |
წიგნი |